INTERMEDIATE ENGLISH GRAMMAR (Record no. 19613)

MARC details
000 -LEADER
fixed length control field 00357nam a22001577a 4500
003 - CONTROL NUMBER IDENTIFIER
control field SGT
020 ## - INTERNATIONAL STANDARD BOOK NUMBER
International Standard Book Number 9788185618517
082 ## - DEWEY DECIMAL CLASSIFICATION NUMBER
Classification number 425,MUR
100 ## - MAIN ENTRY--PERSONAL NAME
Personal name MURPHY,RAYMOND
245 ## - TITLE STATEMENT
Title INTERMEDIATE ENGLISH GRAMMAR
250 ## - EDITION STATEMENT
Edition statement 2ND
260 ## - PUBLICATION, DISTRIBUTION, ETC. (IMPRINT)
Place of publication, distribution, etc NEW DELHI
Name of publisher, distributor, etc CAMBRIDGE UNIVERSITY
Year of Publication 2019
300 ## - PAGE DESCRIPTION
No. of Pages 350
650 ## - SUBJECT ADDED ENTRY--TOPICAL TERM
Topical term or geographic name as entry element ENGLISH GRAMMAR
942 ## - ADDED ENTRY ELEMENTS (KOHA)
Source of classification or shelving scheme Dewey Decimal Classification
Koha item type Books
942 ## - ADDED ENTRY ELEMENTS (KOHA)
-- 2
Holdings
Withdrawn status Lost status Source of classification or shelving scheme Damaged status Not for loan Collection code Home library Current library Shelving location Date acquired Vendor Name Cost, normal purchase price SGTU Bill Number Total Checkouts Full call number Accession No. (Barcode) Date last seen Date last borrowed Bill Date Koha item type Use restrictions
    Dewey Decimal Classification     ENGINEERING SGT Engineering Library SGT Engineering Library Text Book 28/12/2019 AHUJA BOOK COMPANY PVT. LTD. 290.00 SGTU 11628 1 425,MUR FE7867 29/12/2020 10/12/2020 27/11/2019 Books  
    Dewey Decimal Classification   Not For Loan ENGINEERING SGT Engineering Library SGT Engineering Library Reference Book 28/12/2019 AHUJA BOOK COMPANY PVT. LTD. 290.00 SGTU 11628   425,MUR FE7870 28/12/2019   27/11/2019 Books Restricted Access
    Dewey Decimal Classification     ENGINEERING SGT Engineering Library SGT Engineering Library Text Book 28/12/2019 AHUJA BOOK COMPANY PVT. LTD. 290.00 SGTU 11628 2 425,MUR FE7871 17/03/2025 04/03/2025 27/11/2019 Books  
    Dewey Decimal Classification     ENGINEERING SGT Engineering Library SGT Engineering Library Text Book 28/12/2019 AHUJA BOOK COMPANY PVT. LTD. 290.00 SGTU 11628 1 425,MUR FE7872 21/12/2020 10/12/2020 27/11/2019 Books  
    Dewey Decimal Classification     ENGINEERING SGT Engineering Library SGT Engineering Library Text Book 28/12/2019 AHUJA BOOK COMPANY PVT. LTD. 290.00 SGTU 11628 3 425,MUR FE7873 02/02/2021 23/11/2020 27/11/2019 Books  
    Dewey Decimal Classification     ENGINEERING SGT Engineering Library SGT Engineering Library Text Book 28/12/2019 AHUJA BOOK COMPANY PVT. LTD. 290.00 SGTU 11628 1 425,MUR FE7874 01/02/2020 20/01/2020 27/11/2019 Books  
    Dewey Decimal Classification     ENGINEERING SGT Engineering Library SGT Engineering Library Text Book 28/12/2019 AHUJA BOOK COMPANY PVT. LTD. 290.00 SGTU 11628   425,MUR FE7875 28/12/2019   27/11/2019 Books  
    Dewey Decimal Classification     ENGINEERING SGT Engineering Library SGT Engineering Library Text Book 28/12/2019 AHUJA BOOK COMPANY PVT. LTD. 290.00 SGTU 11628   425,MUR FE7876 28/12/2019   27/11/2019 Books  
    Dewey Decimal Classification       SGT Science & Social Sciences Library SGT Science & Social Sciences Library   28/12/2019 AHUJA BOOK COMPANY PVT. LTD. 290.00 SGTU 11628 1 425,MUR FE7868 19/12/2024 12/12/2024 27/11/2019 Books  
    Dewey Decimal Classification       SGT Science & Social Sciences Library SGT Science & Social Sciences Library Text Book 28/12/2019 AHUJA BOOK COMPANY PVT. LTD. 290.00 SGTU 11628 1 425,MUR FE7869 07/01/2021 07/12/2020 27/11/2019 Books